000 00490nam a2200181Ia 4500
001 12522
003 GE_BSU
008 181216s||||||||xx |||||||||||||| ||und||
040 _cGE_BSU
080 _aპერიოდიკა
245 _aГеоморфология. Июль-сентябрь №3.2014.
245 _cГл.ред.Чичагов В.П.
260 _aМосква
260 _c2014
300 _a144стр.24см.
653 _aГеоморфология.
942 _cCR
999 _c45695
_d45695